00796nam a2200229Ia 4500003000900000008004100009020001800050040001600068080001800084100003100102245010400133260004800237300001500285650001700300650002300317650002000340650002900360650001500389942000700404999001700411952013800428IN-BaIIA211028s9999 xx 000 0 eng d a0-521-77989-8 cIIA Library a524.3-64bPER aPeraiah, Annamaneni925512 3aAn Introduction to radiative transferbmethods and applications in astrophysicscAnnamaneni Peraiah aCambridgebCambridge University Pressc2002 axii, 480p. aPlanets9971 aPolarization95652 aradiation91862 aRadiative transfer91568 aStar91183 cBK c14394d14394 00104070aBANbBANcGENd2001-12-12g1843.80l1o524.3-64/ PERp15314r2023-10-28s2023-08-26v1843.80w2001-12-12yBKGRs. 1843.80